Obscure Knowledge - Countries of North America Quiz Stats

 Plays Quiz Updated Jan 17, 2018

Score 0/23 Timer 02:00
36 Plays Today
Percent Guessed Country % Correct
98.7%???
100%
98.6%???
95.2%
98.6%???
94.2%
92.2%???
92%
86.5%???
90.6%
84.4%???
88.4%
79.4%???
86.5%
79%???
86.3%
78.2%???
81.5%
76.3%???
80.7%
75.2%???
79.6%
74%???
77.4%
Percent Guessed Country % Correct
73.4%???
76.1%
71.5%???
74.6%
70.6%???
72.6%
69.9%???
69.6%
61.1%???
62.9%
60.7%???
59.4%
54.8%???
56.9%
53.1%???
51.1%
51.1%???
39.7%
49.3%???
32.6%
45%???
19.8%

You're not logged in!

Compare scores with friends on all Sporcle quizzes.
OR
Log In

You Might Also Like...

Show Comments

Extras

Top Quizzes Today


Score Distribution

Your Account Isn't Verified!

In order to create a playlist on Sporcle, you need to verify the email address you used during registration. Go to your Sporcle Settings to finish the process.

Report this User

Report this user for behavior that violates our Community Guidelines.

Details: